FIFA U17 World Cup Host Cities 1985-2023 - Statistics

General Stats
  • This quiz has been taken 9 times
  • The average score is 40 of 103
Answer Stats
Edition City % Correct
Finland 2003 Helsinki
100%
Mexico 2011 Mexico City
100%
Chile 2015 Santiago
100%
Canada 1987 Toronto
100%
Egypt 1997 Alexandria
89%
New Zealand 1999 Auckland
89%
China 1985 Beijing
89%
Brazil 2019 Brasilia
89%
Egypt 1997 Cairo
89%
Scotland 1989 Glasgow
89%
Mexico 2011 Guadalajara
89%
India 2017 New Delhi
89%
South Korea 2007 Seoul
89%
China 1985 Shanghai
89%
Scotland 1989 Aberdeen
78%
UAE 2013 Abu Dhabi
78%
Nigeria 2009 Abuja
78%
New Zealand 1999 Christchurch
78%
UAE 2013 Dubai
78%
Scotland 1989 Edinburgh
78%
Italy 1991 Florence
78%
Indonesia 2023 Jakarta
78%
Nigeria 2009 Lagos
78%
Peru 2005 Lima
78%
Ecuador 1995 Quito
78%
New Zealand 1999 Dunedin
67%
Nigeria 2009 Kano
67%
India 2017 Kolkata
67%
Japan 1993 Kyoto
67%
Mexico 2011 Monterrey
67%
Canada 1987 Montreal
67%
India 2017 Navi Mumbai
67%
Trinidad and Tobago 2001 Port of Spain
67%
UAE 2013 Sharjah
67%
Japan 1993 Tokyo
67%
UAE 2013 Al Ain
56%
Scotland 1989 Dundee
56%
Japan 1993 Hiroshima
56%
Japan 1993 Kobe
56%
Japan 1993 Nagoya
56%
Egypt 1997 Port Said
56%
China 1985 Tianjin
56%
Egypt 1997 Ismailia
44%
Indonesia 2023 Surabaya
44%
Chile 2015 Vina del Mar
44%
Indonesia 2023 Bandung
33%
China 1985 Dalian
33%
Brazil 2019 Goiania
33%
Ecuador 1995 Guayaquil
33%
South Korea 2007 Jeju
33%
Nigeria 2009 Kaduna
33%
Scotland 1989 Motherwell
33%
Finland 2003 Tampere
33%
Finland 2003 Turku
33%
Nigeria 2009 Bauchi
22%
Peru 2005 Chiclayo
22%
Chile 2015 Concepcion
22%
UAE 2013 Fujairah
22%
India 2017 Kochi
22%
New Zealand 1999 Napier
22%
Mexico 2011 Queretaro
22%
Canada 1987 Saint John
22%
Canada 1987 St. John's
22%
Peru 2005 Trujillo
22%
Nigeria 2009 Calabar
11%
Ecuador 1995 Cuenca
11%
Nigeria 2009 Enugu
11%
Japan 1993 Gifu
11%
Nigeria 2009 Ijebu-Ode
11%
Peru 2005 Iquitos
11%
Finland 2003 Lahti
11%
Chile 2015 La Serena
11%
Italy 1991 Livorno
11%
Mexico 2011 Morelia
11%
Chile 2015 Puerto Montt
11%
UAE 2013 Ras al-Khaimah
11%
South Korea 2007 Suwon
11%
South Korea 2007 Ulsan
11%
Trinidad and Tobago 2001 Arima
0%
Italy 1991 Carrara
0%
South Korea 2007 Changwon
0%
South Korea 2007 Cheonan
0%
Chile 2015 Chillan
0%
Chile 2015 Coquimbo
0%
Trinidad and Tobago 2001 Couva
0%
South Korea 2007 Goyang
0%
India 2017 Guwahti
0%
South Korea 2007 Gwangyang
0%
Ecuador 1995 Ibarra
0%
Trinidad and Tobago 2001 Marabella
0%
India 2017 Margao
0%
Italy 1991 Massa
0%
Italy 1991 Montecatini Terme
0%
Mexico 2011 Pachuca
0%
Peru 2005 Piura
0%
Ecuador 1995 Portoviejo
0%
Ecuador 1995 Riobamba
0%
Trinidad and Tobago 2001 Scarborough
0%
Indonesia 2023 Surakarta
0%
Chile 2015 Talca
0%
Mexico 2011 Torreon
0%
Italy 1991 Viareggio
0%
Brazil 2019 Vitoria
0%
No matching quizzes found
Score Distribution
Percent of People with Each Score
Percentile by Number Answered
Your Score History
You have not taken this quiz